| 000 | 02151nam a2200457 c 4500 | ||
|---|---|---|---|
| 003 | BLK | ||
| 005 | 20241216112108.0 | ||
| 008 | 180408b bul|||||r ||||||| ||bul|| | ||
| 010 | _aKNG00091389000 | ||
| 020 |
_a978-954-533-088-9 _bиздат.: Кралица МАБ |
||
| 040 | _aBLK | ||
| 041 |
_aBUL _cBUL |
||
| 080 |
_aБългарска литература _b821.163.2 _x(092) _z821.163.2(092) |
||
| 080 |
_aБългарска литература _b821.163.2 _x-1.09 _z821.163.2-1.09 |
||
| 080 |
_aНиколай Кънчев Христов. Български поет _b929 Кънчев, Николай _x _z929 Кънчев, Николай |
||
| 700 |
_aДойнов, Пламен Иванов _9369012 |
||
| 139 |
_aНиколай Кънчев в българската литература и култура _bК 96 |
||
| 245 | 1 | 0 |
_aНиколай Кънчев в българската литература и култура _bИзследвания, статии, есета _cсъстав. и предг. от Пламен Иванов Дойнов. |
| 257 | _aBGR | ||
| 260 |
_аСофия _bКралица МАБ _c2008 _fСофия : Експреспринт |
||
| 300 |
_a160 с. _c20 см |
||
| 380 | _a82 | ||
| 490 | 1 |
_aБиблиотека Личности _vкн. 1 |
|
| 500 | _aПълното име на Н. Кънчев е Николай Кънчев Христов. | ||
| 600 | 1 | 4 |
_aКънчев, Николай _9270747 |
| 650 | 4 |
_aКънчев, Николай _9270747 |
|
| 650 | 4 |
_aПоети, български - творчество _9250545 |
|
| 650 | 4 |
_aПоезия, българска - теми, образи, сюжети _9242871 |
|
| 653 | _aНиколай Кънчев | ||
| 653 | _aбългарски поети | ||
| 653 | _aлитературна критика | ||
| 653 | _aизследвания | ||
| 653 | _aстатии | ||
| 653 | _aесета | ||
| 852 | _aЦб 245327 | ||
| 856 | 4 |
_qpdf _u |
|
| 856 | 4 |
_qpdf _u |
|
| 942 |
_cKNG _n0 |
||
| 944 |
_aCR _c14.09.2009 _lКети Илиева _k30550 |
||
| 944 |
_aED _c24.02.2015 _lф / _kЛюдмила_Стоянова |
||
| 999 |
_c86762 _d86762 |
||